[Event "Mogliano Veneto op"]
[Site "Mogliano Veneto"]
[Date "2000.??.??"]
[Round "2"]
[White "Suchan, Rafal"]
[Black "Jacimovic, Dragoljub"]
[Result "0-1"]
[WhiteElo "2306"]
[BlackElo "2474"]
[PlyCount "64"]
[EventDate "2000.??.??"]
[EventType "swiss"]
[EventRounds "6"]
[EventCountry "ITA"]
[SourceTitle "EXT 2001"]
[Source "ChessBase"]
[SourceDate "2000.11.22"]
[SourceVersion "1"]
[SourceVersionDate "2000.11.22"]
[SourceQuality "1"]

1. e4 e6 2. d4 d5 3. Nd2 Nc6 4. Ngf3 Nf6 5. e5 Nd7 6. Be2 Be7 7. 0-0 0-0 8. c4 f6 9. exf6 Bxf6 10. Nb3 Nb6 11. c5 Nd7 12. Bb5 e5 13. Bxc6 bxc6 14. dxe5 Nxe5 15. Nxe5 Bxe5 16. f4 Ba6 17. Rf3 Bf6 18. Nd4 Qd7 19. Be3 Rae8 20. Bf2 Re4 21. Qd2 Rfe8 22. h3 Bc4 23. Rc1 Qf7 24. b3 Be2 25. Nxe2 Rxe2 26. Qd3 Rxa2 27. Bd4 Qg6 28. g4 Ree2 29. Bxf6 Qxf6 30. Qc3 Qe7 31. Rg3 Qe4 32. Qf3 Qd4+ 0-1

[Event "POL-chT 2nd League South"]
[Site "Wisla"]
[Date "1998.??.??"]
[Round "?"]
[White "Panczyk, Krzysztof"]
[Black "Suchan, Rafal"]
[Result "1/2-1/2"]
[WhiteElo "2365"]
[BlackElo "2295"]
[PlyCount "137"]
[EventDate "1998.11.20"]
[EventType "team-swiss"]
[EventRounds "10"]
[EventCountry "POL"]
[SourceTitle "EXT 2000"]
[Source "ChessBase"]
[SourceDate "1999.11.16"]
[SourceVersion "1"]
[SourceVersionDate "1999.11.16"]
[SourceQuality "1"]

1. d4 Nf6 2. c4 g6 3. Nc3 Bg7 4. e4 d6 5. Be2 0-0 6. Nf3 e5 7. 0-0 Nc6 8. d5 Ne7 9. b4 Nh5 10. g3 f5 11. Ng5 Nf6 12. f3 c6 13. Rb1 h6 14. Ne6 Bxe6 15. dxe6 Ne8 16. b5 c5 17. Nd5 Nc7 18. Nxc7 Qxc7 19. Rb2 Rad8 20. Rd2 Rf6 21. f4 Rxe6 22. exf5 Nxf5 23. Bg4 exf4 24. Bxf5 gxf5 25. Rxf4 Bd4+ 26. Kg2 Qf7 27. Re2 Rde8 28. Rxe6 Qxe6 29. Kh3 Qxc4 30. Qh5 Qe6 31. Rxf5 Bg7 32. Qg4 Kh7 33. Qf3 Re7 34. g4 Qxa2 35. g5 Qe2 36. Qxe2 Rxe2 37. gxh6 Bxh6 38. Bxh6 Kxh6 39. Rf6+ Kg5 40. Rxd6 Re5 41. b6 axb6 42. Rxb6 Re7 43. Kg3 Kf5 44. Rb5 Rc7 45. Kf3 Ke5 46. Ke3 Kd5 47. h4 Kc4 48. Rb1 Kc3 49. h5 Re7+ 50. Kf4 Kc2 51. Rb5 c4 52. h6 c3 53. Rh5 Rh7 54. Kg5 Kb1 55. Kg6 Rc7 56. h7 Rc8 57. Rb5+ Ka2 58. Rc5 Rxc5 59. h8Q b5 60. Qa8+ Kb2 61. Qh8 Rc4 62. Kf5 b4 63. Ke6 Ka2 64. Kd5 Kb3 65. Qh3 Rc7 66. Kd6 Ra7 67. Kc5 Ra5+ 68. Kd4 Kb2 69. Kc4 1/2-1/2

[Event "POL-chT 2nd League South"]
[Site "Wisla"]
[Date "1998.??.??"]
[Round "?"]
[White "Skrobek, Ryszard"]
[Black "Suchan, Rafal"]
[Result "1-0"]
[WhiteElo "2405"]
[BlackElo "2295"]
[PlyCount "47"]
[EventDate "1998.11.20"]
[EventType "team-swiss"]
[EventRounds "10"]
[EventCountry "POL"]
[SourceTitle "EXT 2000"]
[Source "ChessBase"]
[SourceDate "1999.11.16"]
[SourceVersion "1"]
[SourceVersionDate "1999.11.16"]
[SourceQuality "1"]

1. e4 c5 2. Nf3 d6 3. d4 cxd4 4. Nxd4 Nf6 5. Nc3 e6 6. g4 e5 7. Bb5+ Bd7 8. Bxd7+ Qxd7 9. Nf5 h5 10. gxh5 Nxh5 11. Nd5 Nc6 12. Be3 g6 13. Ng3 Be7 14. Qf3 Bh4 15. 0-0-0 Ne7 16. Nc3 Qc6 17. Rd3 b6 18. Rhd1 Rd8 19. Qe2 Nf4 20. Bxf4 exf4 21. Nf1 Bg5 22. Kb1 0-0 23. Qg4 Bh6 24. Qh4 1-0

[Event "Swidnica op rap"]
[Site "Swidnica"]
[Date "1998.??.??"]
[Round "?"]
[White "Suchan, Rafal"]
[Black "Berelowitsch, Alexander"]
[Result "1/2-1/2"]
[WhiteElo "2265"]
[BlackElo "2515"]
[PlyCount "62"]
[EventDate "1998.??.??"]
[EventType "swiss"]
[EventRounds "9"]
[EventCountry "POL"]
[SourceTitle "EXT 2003"]
[Source "ChessBase"]
[SourceDate "2002.11.25"]
[SourceVersion "1"]
[SourceVersionDate "2002.11.25"]
[SourceQuality "1"]

1. e4 e6 2. d4 d5 3. Nd2 c5 4. exd5 exd5 5. Ngf3 Nc6 6. Bb5 Bd6 7. dxc5 Bxc5 8. 0-0 Nge7 9. Nb3 Bb6 10. Nbd4 0-0 11. c3 Qd6 12. Be2 Nf5 13. Nxf5 Bxf5 14. Bd3 Bg6 15. Bxg6 fxg6 16. Be3 Bxe3 17. fxe3 Ne5 18. Nxe5 Rxf1+ 19. Qxf1 Qxe5 20. Qf4 Qxf4 21. exf4 Kf7 22. Kf2 Ke6 23. Rd1 b5 24. Re1+ Kd6 25. Re5 Rc8 26. Ke3 b4 27. Kd3 bxc3 28. bxc3 Rc4 29. g3 Ra4 30. Re2 h6 31. Rb2 Ke6 1/2-1/2

[Event "POL-chT 2nd League South"]
[Site "Wisla"]
[Date "1998.??.??"]
[Round "?"]
[White "Szczechowicz, Bartosz"]
[Black "Suchan, Rafal"]
[Result "1/2-1/2"]
[WhiteElo "2200"]
[BlackElo "2295"]
[PlyCount "50"]
[EventDate "1998.11.20"]
[EventType "team-swiss"]
[EventRounds "10"]
[EventCountry "POL"]
[SourceTitle "EXT 2000"]
[Source "ChessBase"]
[SourceDate "1999.11.16"]
[SourceVersion "1"]
[SourceVersionDate "1999.11.16"]
[SourceQuality "1"]

1. e4 c5 2. Nf3 e6 3. d4 cxd4 4. Nxd4 Nf6 5. Nc3 d6 6. g4 e5 7. Nf5 h5 8. gxh5 Bxf5 9. exf5 Nc6 10. Bc4 Rxh5 11. Be3 Rxf5 12. Qe2 Be7 13. 0-0-0 g6 14. Rd2 Qa5 15. Rhd1 Rd8 16. f3 Rh5 17. Kb1 Kf8 18. a3 Kg7 19. Nb5 d5 20. Bxd5 Nxd5 21. Rxd5 Rxd5 22. Rxd5 a6 23. Nc3 Qc7 24. Qd2 Qc8 25. f4 Qe6 1/2-1/2

[Event "POL-ch U18"]
[Site "Brzeg Dolny"]
[Date "1995.??.??"]
[Round "9"]
[White "Pikulinski, Andrzej"]
[Black "Suchan, Rafal"]
[Result "0-1"]
[WhiteElo "2155"]
[BlackElo "2190"]
[PlyCount "76"]
[EventDate "1995.??.??"]
[EventType "swiss"]
[EventRounds "11"]
[EventCountry "POL"]
[SourceTitle "EXT 2001"]
[Source "ChessBase"]
[SourceDate "2000.11.22"]
[SourceVersion "1"]
[SourceVersionDate "2000.11.22"]
[SourceQuality "1"]

1. e4 c5 2. Nf3 e6 3. d4 cxd4 4. Nxd4 Nf6 5. Nc3 d6 6. Bg5 Be7 7. f4 h6 8. Bxf6 Bxf6 9. Qd2 a6 10. 0-0-0 Be7 11. Kb1 Qc7 12. f5 Nc6 13. fxe6 fxe6 14. Nxc6 Qxc6 15. e5 d5 16. Qf4 Bd7 17. Qg4 0-0-0 18. Qxg7 Bb4 19. Ne2 Rdg8 20. Qf6 Qc7 21. Nd4 Qb6 22. Rd3 Kb8 23. Qf7 Bc8 24. Qf2 Bc5 25. c3 Rg5 26. Qf6 Rf8 27. Qxh6 Rf2 28. Nc2 Rxe5 29. Qc1 Ba3 30. Rd1 Be7 31. h4 Rh5 32. g3 Bg5 33. hxg5 Rxh1 34. g6 Qc7 35. Bd3 Rxd1 36. Qxd1 Qxg3 37. Qe1 Qxd3 38. g7 Qxc2+ 0-1

[Event "POL-ch U18"]
[Site "Brzeg Dolny"]
[Date "1995.??.??"]
[Round "5"]
[White "Spisak, Czeslaw"]
[Black "Suchan, Rafal"]
[Result "1-0"]
[WhiteElo "2295"]
[BlackElo "2190"]
[PlyCount "101"]
[EventDate "1995.??.??"]
[EventType "swiss"]
[EventRounds "11"]
[EventCountry "POL"]
[SourceTitle "EXT 2001"]
[Source "ChessBase"]
[SourceDate "2000.11.22"]
[SourceVersion "1"]
[SourceVersionDate "2000.11.22"]
[SourceQuality "1"]

1. e4 e6 2. d4 d5 3. Nd2 c5 4. Ngf3 Nc6 5. Bb5 Nf6 6. exd5 Qxd5 7. c4 Qd6 8. dxc5 Qxc5 9. Nb3 Qd6 10. Be3 Bd7 11. Qxd6 Bxd6 12. 0-0-0 Be7 13. Nc5 Bxc5 14. Bxc5 a6 15. Bxc6 Bxc6 16. b3 Bxf3 17. gxf3 Rc8 18. Be3 Ke7 19. Kb2 Rhd8 20. a4 Rxd1 21. Rxd1 Rd8 22. Rg1 Ne8 23. Kc3 g6 24. b4 e5 25. b5 axb5 26. cxb5 Nc7 27. Kc4 Nd5 28. Bc5+ Ke6 29. a5 f5 30. Ra1 Rc8 31. Rd1 Rd8 32. Rd3 Rd7 33. a6 b6 34. Rxd5 Rxd5 35. Bxb6 Rd2 36. a7 Rc2+ 37. Kb3 Rc8 38. Bc7 Ra8 39. b6 Kd7 40. Bxe5 Kc6 41. Bb8 Kxb6 42. Kc4 Rxa7 43. Bxa7+ Kxa7 44. Kd5 Kb6 45. Ke5 Kc7 46. Kf6 Kd6 47. h4 Kd7 48. Kg7 Ke7 49. Kxh7 Kf7 50. f4 Kf6 51. Kg8 1-0

[Event "Polanica Zdroj op"]
[Site "Polanica Zdroj"]
[Date "1994.??.??"]
[Round "?"]
[White "Suchan, Rafal"]
[Black "Skalik, Przemyslaw"]
[Result "0-1"]
[WhiteElo "2130"]
[BlackElo "2365"]
[PlyCount "76"]
[EventDate "1994.??.??"]
[EventType "swiss"]
[EventRounds "10"]
[EventCountry "POL"]
[SourceTitle "EXT 1998"]
[Source "ChessBase"]
[SourceDate "1997.11.17"]
[SourceVersion "1"]
[SourceVersionDate "1997.11.17"]
[SourceQuality "1"]

1. e4 c5 2. c3 Nf6 3. e5 Nd5 4. d4 cxd4 5. Nf3 Nc6 6. cxd4 d6 7. Bc4 e6 8. 0-0 Be7 9. Bd2 dxe5 10. dxe5 0-0 11. Nc3 Nb6 12. Bb3 Na5 13. Bc2 Nac4 14. b3 Nxd2 15. Qxd2 Qxd2 16. Nxd2 Bd7 17. Nde4 Rac8 18. Bd3 a6 19. Rad1 Rc7 20. Ne2 Bc6 21. Nd4 Bd5 22. Bb1 Rd8 23. Nf3 f5 24. exf6 gxf6 25. Ng3 Bxf3 26. Rxd8+ Bxd8 27. gxf3 Nd5 28. Rd1 Be7 29. Ne2 a5 30. f4 Nb4 31. Kf1 f5 32. Nd4 Rd7 33. Ke2 Nd5 34. Rg1+ Kf7 35. Nb5 Nxf4+ 36. Kf3 Ng6 37. Rc1 b6 38. Rc6 Ne5+ 0-1